Sports Quiz

Random Sports or NBA Quiz

Sports MVPs Quiz Stats

 Plays Quiz Updated Jul 1, 2019

Score 0/153 Timer 12:00
3 Plays Today
League Player's Name % Correct
NBA-Maurice PodoloffLeBron James
95%
NBA-Maurice PodoloffLeBron James
94.9%
NBA-Maurice PodoloffKobe Bryant
92.3%
NBA-Maurice PodoloffLeBron James
92%
NBA-Maurice PodoloffMichael Jordan
90.5%
NBA-Maurice PodoloffMichael Jordan
90.5%
NBA-Maurice PodoloffMichael Jordan
90.5%
NBA-Maurice PodoloffMichael Jordan
90.5%
NBA-Maurice PodoloffStephen Curry
90.3%
NBA-Maurice PodoloffStephen Curry
89.5%
NFL-Associated PressPeyton Manning
89.4%
NFL-Associated PressPeyton Manning
89.4%
NFL-Associated PressPeyton Manning
89.4%
NBA-Maurice PodoloffEarvin Johnson
87.6%
MLB-National LeagueKris Bryant
87.5%
NFL-Associated PressTom Brady
87.1%
NFL-Associated PressPeyton Manning
86.1%
NBA-Maurice PodoloffJames Harden
85.2%
NFL-Associated PressTom Brady
84.7%
NBA-Maurice PodoloffKevin Durant
83.6%
NBA-Maurice PodoloffShaquille O'Neal
83.4%
NBA-Maurice PodoloffRussell Westbrook
82.4%
MLB-American LeagueAlex Rodriguez
82%
MLB-American LeagueAlex Rodriguez
82%
MLB-American LeagueAlex Rodriguez
82%
MLB-American LeagueIvan Rodriguez
80.5%
NBA-Maurice PodoloffEarvin Johnson
76.4%
MLB-National LeagueBarry Bonds
74.2%
MLB-National LeagueBarry Bonds
74.2%
MLB-National LeagueBarry Bonds
74.2%
MLB-National LeagueBarry Bonds
74.2%
MLB-National LeagueBarry Bonds
74.2%
MLB-National LeagueBarry Bonds
74.2%
MLB-National LeagueBarry Bonds
74.2%
NHL-Hart MemorialSidney Crosby
73.6%
NBA-Maurice PodoloffTim Duncan
73.1%
NBA-Maurice PodoloffTim Duncan
73.1%
NHL-Hart MemorialWayne Gretzky
72.6%
NBA-Maurice PodoloffSteve Nash
72%
NBA-Maurice PodoloffSteve Nash
72%
NHL-Hart MemorialSidney Crosby
71.7%
MLB-National LeagueAlbert Pujols
71.1%
MLB-National LeagueAlbert Pujols
71.1%
NFL-Associated PressBrett Favre
70.6%
NFL-Associated PressBrett Favre
70.6%
NFL-Associated PressBrett Favre
70.6%
NFL-Associated PressAaron Rodgers
68.4%
NFL-Associated PressAaron Rodgers
67.2%
NFL-Associated PressEmmitt Smith
67%
MLB-American LeagueMike Trout
65.9%
MLB-American LeagueMike Trout
65.3%
League Player's Name % Correct
NHL-Hart MemorialAlexander Ovechkin
65.2%
NHL-Hart MemorialAlexander Ovechkin
65.2%
NFL-Associated PressPatrick Mahomes
61.6%
NHL-Hart MemorialAlexander Ovechkin
60.6%
NBA-Maurice PodoloffDerrick Rose
60.6%
NFL-Associated PressLaDainian Tomlinson
60.3%
NBA-Maurice PodoloffAllen Iverson
60.1%
MLB-American LeagueMiguel Cabrera
59%
NBA-Maurice PodoloffGiannis Antetokounmpo
58.5%
MLB-National LeagueSammy Sosa
58.4%
NFL-Associated PressAdrian Peterson
58.4%
MLB-National LeagueRyan Howard
58.3%
MLB-American LeagueMiguel Cabrera
57.5%
NFL-Associated PressSteve Young
57.5%
NFL-Associated PressSteve Young
57.5%
NBA-Maurice PodoloffHakeem Olajuwon
56.6%
NBA-Maurice PodoloffKarl Malone
56.5%
NBA-Maurice PodoloffKarl Malone
56.5%
MLB-American LeagueFrank Thomas
56.4%
MLB-American LeagueFrank Thomas
56.4%
NFL-Associated PressThurman Thomas
56.3%
NFL-Associated PressMatt Ryan
56.1%
NBA-Maurice PodoloffDavid Robinson
55.6%
NBA-Maurice PodoloffKevin Garnett
55.4%
NBA-Maurice PodoloffDirk Nowitzki
55.1%
NFL-Associated PressJoe Montana
53.7%
NFL-Associated PressJoe Montana
53.7%
NBA-Maurice PodoloffLeBron James
53%
NFL-Associated PressCam Newton
52.8%
MLB-National LeagueBryce Harper
51.5%
MLB-American LeagueJustin Verlander
51.4%
MLB-American LeagueKen Griffey Jr.
51.3%
MLB-National LeagueClayton Kershaw
50.1%
NFL-Associated PressKurt Warner
50.1%
NFL-Associated PressKurt Warner
50.1%
NBA-Maurice PodoloffCharles Barkley
49.9%
NHL-Hart MemorialMario Lemieux
48.4%
NHL-Hart MemorialMario Lemieux
48.4%
MLB-National LeagueAlbert Pujols
48.3%
NFL-Associated PressPeyton Manning
47.2%
MLB-National LeagueChipper Jones
46.8%
NFL-Associated PressBarry Sanders
46.6%
NFL-Associated PressShaun Alexander
45.2%
MLB-American LeagueJosé Altuve
44.9%
MLB-American LeagueMookie Betts
44.6%
MLB-National LeagueJimmy Rollins
43.7%
MLB-American LeagueDustin Pedroia
42.8%
NFL-Associated PressMarshall Faulk
41.3%
NFL-Associated PressTerrell Davis
40.7%
MLB-American LeagueJuan Gonzalez
39.2%
MLB-American LeagueJuan Gonzalez
39.2%
League Player's Name % Correct
MLB-National LeagueChristian Yelich
38.7%
MLB-National LeagueGiancarlo Stanton
38.3%
MLB-American LeagueCal Ripken Jr.
38%
NHL-Hart MemorialMark Messier
37.9%
NHL-Hart MemorialMark Messier
37.9%
MLB-American LeagueJustin Morneau
37.9%
NFL-Associated PressSteve McNair
37.4%
NHL-Hart MemorialJaromir Jagr
37.2%
NFL-Associated PressTom Brady
37.2%
NHL-Hart MemorialPatrick Kane
36.4%
MLB-National LeagueRyan Braun
36.1%
MLB-American LeagueJosh Donaldson
35.1%
MLB-National LeagueBuster Posey
34.4%
NHL-Hart MemorialConnor McDavid
32.6%
MLB-American LeagueIchiro Suzuki
31.8%
NHL-Hart MemorialEvgeni Malkin
31.3%
MLB-National LeagueAndrew McCutchen
31.2%
MLB-American LeagueJoe Mauer
31.2%
MLB-American LeagueJason Giambi
29.1%
NHL-Hart MemorialBrett Hull
28.9%
MLB-National LeagueJeff Bagwell
28.4%
MLB-American LeagueVladimir Guerrero
27.3%
NHL-Hart MemorialJoe Sakic
27.1%
NFL-Associated PressRich Gannon
26.6%
NHL-Hart MemorialDominik Hasek
26.1%
NHL-Hart MemorialDominik Hasek
26.1%
NHL-Hart MemorialTaylor Hall
25.9%
MLB-National LeagueLarry Walker
25.6%
MLB-American LeagueMiguel Tejada
24.8%
NHL-Hart MemorialPeter Forsberg
23.1%
MLB-National LeagueJeff Kent
23%
NHL-Hart MemorialCarey Price
22.5%
NHL-Hart MemorialEric Lindros
21.8%
MLB-National LeagueKen Caminiti
21.7%
NHL-Hart MemorialNikita Kucherov
21.2%
NHL-Hart MemorialMartin St Louis
20.9%
MLB-American LeagueRickey Henderson
20.7%
NHL-Hart MemorialJoe Thornton
20.6%
MLB-American LeagueJosh Hamilton
20.1%
MLB-National LeagueBarry Larkin
19.8%
MLB-American LeagueMo Vaughn
19.5%
NHL-Hart MemorialCorey Perry
17.3%
MLB-National LeagueJoey Votto
17.1%
MLB-American LeagueDennis Eckersley
16.9%
MLB-National LeagueTerry Pendleton
15.5%
MLB-American LeagueRobin Yount
15.3%
MLB-National LeagueKevin Mitchell
14.5%
NHL-Hart MemorialChris Pronger
14.5%
NHL-Hart MemorialSergei Fedorov
13.5%
NHL-Hart MemorialHenrik Sedin
13.4%
NHL-Hart MemorialJose Theodore
12.6%

You're not logged in!

Compare scores with friends on all Sporcle quizzes.
OR
Log In

Sporcle TV

Today on Sporcle TV


Watch our educational content, quiz creation guides, and fun videos on Sporcle TV.

Show Comments

Extras

Top Quizzes Today


Score Distribution

Your Account Isn't Verified!

In order to create a playlist on Sporcle, you need to verify the email address you used during registration. Go to your Sporcle Settings to finish the process.

Report this User

Report this user for behavior that violates our Community Guidelines.

Details: